Tratado de los estudios monásticos dividido en tres partes. Con una lista de las principales dificultades que se encuentran en cada siglo en la lectura de los originales, y un catálogo de libros selectos, para componer una biblioteca eclesiastica / compuesto en francés por el Reverendisimo Padre Maestro Don Juan Mabillon... y traducido en castellano por un monge español de la congregacion de San Benito de Valladolid

Detalles Bibliográficos
Autor principal: Mabillón, Juan
Formato: Libro
Lenguaje:Undetermined
Spanish
Publicado: en Madrid : por Blas Roman, 1779.
Materias:
Colección:Banco de datos
Acervo:Biblioteca Palafoxiana. Colección bibliográfica
Descripción Física:[28], 433 p. ; 4°
Tema general:Bibliografía
Notas:Número de localización: 856
LEADER 00885nam a2200169Ia 4500
008 150723s9999 xx 000 0 und d
041 0 |a spa 
050 0 |a PAFX Z1011 M3 
100 1 |a Mabillón, Juan 
245 1 0 |a Tratado de los estudios monásticos dividido en tres partes. Con una lista de las principales dificultades que se encuentran en cada siglo en la lectura de los originales, y un catálogo de libros selectos, para componer una biblioteca eclesiastica / compuesto en francés por el Reverendisimo Padre Maestro Don Juan Mabillon... y traducido en castellano por un monge español de la congregacion de San Benito de Valladolid 
260 |a en Madrid : por Blas Roman, 1779. 
300 |a [28], 433 p. ; 4° 
500 |a Número de localización: 856 
650 1 0 |a Bibliografía 
942 |c PALALIB 
943 |g Biblioteca Palafoxiana. Colección bibliográfica 
999 |c 1046804  |d 1046804